000 00709nmm a2200265 a 4500
003 AR-BaBNM
005 20251128211836.0
008 316120s1983 ||||||||||||||000 | spa||
040 _cAR-BaBNM
245 1 0 _aTesoros artísticos
260 _aGuayaquil
_c1983
_bFilanbanco
300 0 _a298 p.
_bil. col., láms.
500 0 _aEdición bilingüe español-inglés
650 4 _aARTES PLASTICAS
650 4 _aCATALOGOS
650 4 _aPINTURA
650 4 _aESTILOS ARTISTICOS
650 4 _aARTE LATINOAMERICANO
651 4 _aEcuador
653 0 _aARTE COLONIAL
700 1 _aMoreno Proaño, Agustín
_ecompilador
710 2 _aMuseo Filanbanco (Quito, Ecuador)
942 _cBK
998 _cmartin
999 _c21351
_d21351